Design recipes for FPGAs (Record no. 235944)
[ view plain ]
| 000 -LEADER | |
|---|---|
| fixed length control field | 01218nam a2200301Ia 4500 |
| 082 04 - DEWEY DECIMAL CLASSIFICATION NUMBER | |
| Classification number | 621.395 |
| 100 1# - MAIN ENTRY--AUTHOR NAME | |
| Personal name | Wilson, Peter R. |
| 245 10 - TITLE STATEMENT | |
| Title | Design recipes for FPGAs |
| 260 ## - PUBLICATION, DISTRIBUTION, ETC. (IMPRINT) | |
| Place of publication | Amsterdam ; |
| -- | Boston ; |
| -- | London : |
| Name of publisher | Newnes, |
| Year of publication | 2007. |
| 300 ## - PHYSICAL DESCRIPTION | |
| Number of Pages | xxii, 289 p. : |
| Other physical details | ill. |
| 650 #0 - SUBJECT ADDED ENTRY--TOPICAL TERM | |
| Topical Term | Field programmable gate arrays |
| Topical Term | Gate array circuits. |
| 856 40 - ELECTRONIC LOCATION AND ACCESS | |
| Uniform Resource Identifier | http://site.ebrary.com/lib/rucke/Doc?id=10188606 |
No items available.
